Eleições municipais 2004 : (Record no. 1404)

MARC details
000 -LÍDER
Campo Fixo de Controle 00708nam a2200229 a 4500
001 - NÚMERO DE CONTROLE
Campo de Controle 1404
003 - IDENTIFICAÇÃO DO NÚMERO DE CONTROLE
Campo de Controle BR-CuiBMT
005 - DATA E HORA DA ÚLTIMA ATUALIZAÇÃO
Campo de Controle 20231206214737.0
008 - DADOS FIXOS
Dados Fixos 231130s2004 dfba 001 0 por d
040 ## - AGÊNCIA CATALOGADORA
Código da Agência Catalogadora BR-CuiBMT
Agência que transcreveu o registro BR-CuiBMT
080 ## - Nº DA CLASSIFICAÇÃO DECIMAL UNIVERSAL
Nº edição CDU 2007
Nº Class. CDU 324:352
090 ## - NÚMERO DE CHAMADA
Nº classificação 324:352
Cutter G436e
100 1# - ENTRADA PRINCIPAL -- AUTOR PESSOAL
Nome pessoal Giavariana, Valmor
245 10 - TÍTULO PRINCIPAL
Título principal Eleições municipais 2004 :
Subtítulo (prefeitos, vice-prefeitos e vereadores) /
Indicação de responsabilidade Valmor Giavarina.
250 ## - EDIÇÃO
Edição 4. ed.
260 ## - PUBLICAÇÃO, DISTRIBUIÇÃO, ETC.
Local de publicação Brasília :
Editora Positiva,
Data 2004
300 ## - DESCRIÇÃO FÍSICA
N. páginas ou volumes 347 p. :
Ilustrações il. ;
Dimensões 21 cm
650 ## - ASSUNTO TÓPICO
Cabeçalho tópico ou nome geográfico Eleição municipal
Subdivisão de forma Legislação
Subdivisão geográfica Brasil
650 ## - ASSUNTO TÓPICO
Cabeçalho tópico ou nome geográfico Eleição municipal
Subdivisão geral Inelegibilidade
Subdivisão geográfica Brasil
650 ## - ASSUNTO TÓPICO
Cabeçalho tópico ou nome geográfico Campanha eleitoral
Subdivisão geográfica Brasil
942 ## - ELEMENTOS DE ENTRADA ADICIONAIS (KOHA)
Fonte de classificação ou esquema de arquivamento Classificação Decimal Universal
Tipo de item do Koha Livros
Holdings
Estado: removido Estado: perdido Fonte de classificação ou esquema de arquivamento Estado: danificado Indisponível para empréstimo Localização permanente Localização atual Data de aquisição Total Checkouts Número de Chamada completo Código de barras Date last seen Número do exemplar Preço efetivo a partir de Tipo de item (Koha)
    Classificação Decimal Universal     Biblioteca da Escola Superior de Contas do TCE/MT Biblioteca da Escola Superior de Contas do TCE/MT 06/12/2023   324:352 G436e BIBTCEMT23120286 06/12/2023 Ex. 1 06/12/2023 Livros

Powered by Koha